Pelka, Anna, 1975-. Teksas-land. - Warszawa : Trio. - 2007 [Rezension]

Titel: Pelka, Anna, 1975-. Teksas-land. - Warszawa : Trio. - 2007 [Rezension]
Verfasser:
In: East central Europe, Band 37, Heft 2/3 (2010), Seite 383-385
alle Artikel anzeigen
Veröffentlicht: 2010
Format: Aufsatz
Sprache: Englisch
Kein Bild verfügbar
X
alg: 39493349
001A    $01999:12-11-16 
001B    $01999:04-08-21 $t20:59:42.000 
001D    $01999:12-11-16 
001U    $0utf8 
001X    $00 
002@    $0Aox 
003@    $0394933494 
007A    $0394933494 $aHEB 
007T    $0Herdc0082531m 
009P    $A2 $3zusätzliche Angaben $uhttp://dx.doi.org/10.1163/187633010X535206 
010@    $aeng 
011@    $a2010 
021A    $aPelka, Anna, 1975-. Teksas-land. - Warszawa : Trio. -  2007 [Rezension] 
028A    $aJastrząb $dMariusz 
031A    $d37 $e2/3 $h383-385 $j2010 
039B    $aIn $8--Abvc--. East central Europe. - Leiden : Brill, 1974-. - ISSN 0094-3037 $x201000000370002617 $9047226099 
039T    $8--Aau--Pelka, Anna$Z1975- [Tp3]. Teksas-land. - Wyd. 1. - Warszawa : Trio, 2007. - 263 S.. - zahlr. Ill.. - ISBN 978-83-7436-102-6 $9234842156 
045F    $a900.9438 $eDDC23BSB 
045F/01 $a900 
045F/03 $g438 
045T    $a7,41 

lok: 39493349 78

exp: 39493349 78 1 #EPN
201B/01 $018-11-16 $t13:11:16.000 
201U/01 $0utf8 
203@/01 $0791232077 
208@/01 $a12-11-16 $be 
209A/01 $a/ $f000 $x00 
220C/01 $aTitelaufnehmer: pg 
220C/01 $aHerkunft: HI Marburg 
244Z/01 $2Trx $#Poola $#Lenkija $#Polija $#Polen Land $#Poland $#Lengyelország $#Poľsko $#Polsko $8--Trx--Polska$gkraj $x01 $9391345966 
244Z/01 $2Trx $#arvustused $#recenzijos $#Reviews $#recenziók $#recenzje $#recenzie $#recenze $8--Trx--Rezensionen $x02 $9391357441 
244Z/01 $2Trx $8--Trx--elektronische Ressource $x03 $939138452X 
247C/01 $82080>Marburg/Lahn, Herder-Institut, Forschungsbibliothek, Bibliographieportal $9336309341
LEADER 00000caa a22000002c 4500
001 394933494
003 DE-603
005 20210804205942.0
007 tu
008 161112s2010 xx |||| | u00||u|eng c
035 |a (DE-599)HEB394933494 
040 |a DE-603  |b ger  |c DE-603  |d DE-603 
041 |a eng 
082 0 4 |8 1\u  |a 900.9438  |q DE-101  |2 23/BSB 
084 |a 7,41  |2 ssgn 
085 |8 1\u  |b 900 
085 |8 1\u  |z 2  |s 438 
100 1 |a Jastrząb, Mariusz 
245 0 0 |a Pelka, Anna, 1975-. Teksas-land. - Warszawa : Trio. - 2007 [Rezension] 
264 0 |c 2010 
773 0 8 |i In  |t East central Europe  |d Leiden : Brill, 1974-  |h 24 cm  |x 0094-3037  |g Band 37, Heft 2/3 (2010), Seite 383-385  |w (DE-603)047226099  |w (DE-600)190826-1 
787 0 8 |i Rezension von  |a Pelka, Anna, 1975-  |t Teksas-land  |b Wyd. 1  |d Warszawa : Trio, 2007  |h 263 S., zahlr. Ill.  |z 9788374361026  |z 8374361026  |w (DE-603)234842156 
856 4 2 |u http://dx.doi.org/10.1163/187633010X535206  |3 zusätzliche Angaben 
924 0 |9 2080  |a (DE-603)791232077  |b DE-2080  |c HES  |d d  |g /